000 00211nam a22000857a 4500
008 170118b xxu||||| |||| 00| 0 eng d
100 _92478
_aCharda.M.
245 _aEnglish Grammar-III
260 _aNew Delhi
_bAPC
_c2009
999 _c5544
_d5544